Dokonalá tma /
Bart Campbell je uväznený v tme a bez možnosti úniku. Omámený si uvedomí, že ho zavreli do lodného kontajnera. Nevie, že smeruje do Francúzska, no tuší, že jeho šanca na záchranu je mizivá. Keď sa v Paríži nájde telo škótskeho občana, ktorému odobrali všetky orgány, Callanacha pošlú do Francúzska, a...
Uloženo v:
| Série: | Inspektor Luc Callanach (SK),
část 6 |
|---|---|
| Hlavní autor: | |
| Médium: | E-kniha |
| Jazyk: | Czech |
| Vydáno: |
Praha :
Albatros Media Slovakia s.r.o.,
2025
|
| Příbuzné jednotky: | Z cyklu::
Inspektor Luc Callanach (SK) |
| Tagy: |
Žádné tagy |
| LEADER | 01640nam a22002417i 4500 | ||
|---|---|---|---|
| 001 | 302715 | ||
| 007 | ta | ||
| 008 | 260514s2025 xr ||||| |||| 00| 0 cze d | ||
| 020 | |a 9788056649077 | ||
| 044 | |a xr | ||
| 100 | 1 | |a Fields, Helen |4 aut | |
| 245 | 1 | 0 | |a Dokonalá tma / |c Fields, Helen |
| 240 | 1 | 0 | |a Perfect Kill |
| 264 | 1 | |a Praha : |b Albatros Media Slovakia s.r.o., |c 2025 | |
| 300 | |a 1 online zdroj (360 stran) | ||
| 336 | |a text |b txt |2 rdacontent | ||
| 337 | |a bez média |b n |2 rdamedia | ||
| 338 | |a online zdroj |b cr |2 rdacarrier | ||
| 520 | 2 | |a Bart Campbell je uväznený v tme a bez možnosti úniku. Omámený si uvedomí, že ho zavreli do lodného kontajnera. Nevie, že smeruje do Francúzska, no tuší, že jeho šanca na záchranu je mizivá. Keď sa v Paríži nájde telo škótskeho občana, ktorému odobrali všetky orgány, Callanacha pošlú do Francúzska, aby odhalil sieť obchodníkov s bielym mäsom. Ave Turnerovej zatiaľ pribúdajú v márnici telá. Keď sa ukáže, že ich prípady majú spoločného menovateľa, vedia, že každá chyba vo vyšetrovaní môže zničiť ďalšie životy. | |
| 787 | 0 | 8 | |g 6 |i Z cyklu: |t Inspektor Luc Callanach (SK) |
| 910 | |a RBIT002 | ||
| 998 | |d 426972 |a https://core.palmknihy.cz/api/books/426972/cover?tesgi7 |b https://core.palmknihy.cz/api/books/426972/cover/400?tesgi7 |c https://core.palmknihy.cz/api/books/426972/cover/50?tesgi7 |e 2029-03-20 |g 360 |i 9788056649077 |j https://core.palmknihy.cz/api/books/426972/preview.epub |k https://core.palmknihy.cz/api/books/426972/preview.pdf |l |q 49 |r 1 |s https://www.palmknihy.cz/kniha/426972 |t ebook |y 2025 |z 1 |v Inspektor Luc Callanach (SK) |w 6 | ||
| 999 | |d 302713 | ||